Замена традиционных изоляционных материалов на блоксополимер этилена с пропиленом; Электротехника, электромеханика и электротехнологии

Sonraí bibleagrafaíochta
Parent link:Электротехника, электромеханика и электротехнологии.— 2002.— С. 8-9.
Príomhchruthaitheoir: Бердыгина О. Ю.
Rannpháirtithe: Петров А. В. (научный руководитель)
Teanga:Rúisis
Foilsithe / Cruthaithe: 2002
Ábhair:
Formáid: Caibidil leabhair
KOHA link:https://koha.lib.tpu.ru/cgi-bin/koha/opac-detail.pl?biblionumber=90570

MARC

LEADER 00000naa2a2200000 4500
001 90570
005 20231031103610.0
035 |a (RuTPU)RU\TPU\book\97116 
090 |a 90570 
100 |a 20060213d2002 k y0rusy50 ca 
101 0 |a rus 
102 |a RU 
200 1 |a Замена традиционных изоляционных материалов на блоксополимер этилена с пропиленом  |f О. Ю. Бердыгина  |g науч. рук. А. В. Петров 
463 0 |0 (RuTPU)RU\TPU\book\68512  |t Электротехника, электромеханика и электротехнологии  |o Труды Второй региональной научно-практической студенческой конференции, Томск, 4-7 июня 2002 г.  |f Томский политехнический университет; Электротехнический институт  |v С. 8-9.  |d 2002  |p 146 с. 
610 1 |a изоляционные материалы 
610 1 |a блоксополимеры 
610 1 |a пропилен 
610 1 |a этилен 
610 1 |a композиционные материалы 
610 1 |a материаловедение 
610 1 |a труды учёных ТПУ 
700 1 |a Бердыгина  |b О. Ю. 
702 1 |a Петров  |b А. В.  |4 727 
801 1 |a RU  |b 63413507  |c 20060213  |g PSBO 
801 2 |a RU  |b 63413507  |c 20090728  |g PSBO 
942 |c BK